Представление документа в формате RUSMARC

ПолеНазваниеЗначение
  Тип записи a
  Библиографический уровень a
001 Контрольный номер RU/CBS_UL/BASE/556825293
005 Дата корректировки 20250122233009.7
100 Данные общей обработки __
a Данные общей обработки 20170823d2017 ||| 0rusy0189 ca
101 Язык документа 0_
a Язык текста rus
102 Страна публикации __
a Страна публикации RU
105 Кодированные данные (монография) __
a Кодированные данные (монография) y###||||000|y
200 Заглавие и сведения об ответственности 1_
a Заглавие Веры нет - любовь осталась
b Общее обозначение материала Текст
e Сведения, относящиеся к заглавию [о судьбе актрисы В. Глаголевой]
f Первые сведения об ответственности С. Грачёв
300 Общие примечания __
a Общие примечания Ограничения по возрасту - 16+
461 Уровень набора _0
1 2000
a Аргументы и факты
463 Уровень физической единицы _0
1 001RU/CBS_UL/BASE/556817087
1 2000
a № 34 (23-29 августа)
v С. 22 : фото
1 210
d 2017
600 Персоналии _0
a Персоналии (Фамилия) Глаголева
b Персоналии (Имя, инициалы) В.В.
606 Тематические рубрики 0_
a Основная рубрика Художественно-игровое кино - Российская Федерация - 20-21 вв.
606 Тематические рубрики 0_
a Основная рубрика Глаголева, Вера Витальевна (1956-2017)
610 Ключевые слова 0_
a Ключевые слова кино
a Ключевые слова киноискусство советское
a Ключевые слова киноискусство российское
a Ключевые слова актрисы
a Ключевые слова советские и российские актрисы театра
a Ключевые слова советские и российские актрисы кино
a Ключевые слова кинорежиссёры
a Ключевые слова сценаристы
a Ключевые слова продюсеры
a Ключевые слова Народные артистки Российской Федерации
686 Индексы других классификаций __
a Классификационный индекс 85.374(2)
2 Код системы ББК
700 Автор _1
a Фамилия Грачёв
b Имя (инициалы) С.
801 Источник записи _0
a Страна RU
b Организация МБУК ЦБС г. Ульяновска
c Дата составления 20170823
g Правила каталогизации RCR
801 Источник записи _1
a Страна RU
b Организация МБУК ЦБС г. Ульяновска
c Дата составления 20170823
g Правила каталогизации RCR
901 Тип документа __
t Тип документа f
w Контрольный № источника RU/CBS_UL/BASE/556817087
910 Корректоры записи __
a Корректор записи admin2
938 Служебная информация __
a Имя БД period